[Event "Regionalliga SO 1213"]
[Site "Bayern"]
[Date "2012.11.11"]
[Round "2.8"]
[White "Pohle, Reinhold"]
[Black "Tag, Andreas"]
[Result "1-0"]
[WhiteElo "1868"]
[BlackElo "1693"]
[PlyCount "151"]
[EventDate "2012.10.14"]
[EventType "team-tourn"]
[EventRounds "9"]
[EventCountry "GER"]
[SourceTitle "EXT 2015"]
[Source "ChessBase"]
[SourceDate "2014.11.20"]
[SourceVersion "1"]
[SourceVersionDate "2014.11.20"]
[SourceQuality "1"]
[WhiteTeam "Starnberger See"]
[BlackTeam "Trostberg"]
[WhiteTeamCountry "GER"]
[BlackTeamCountry "GER"]

1. e4 c5 2. d4 cxd4 3. c3 d3 4. Bxd3 Nc6 5. c4 d6 6. Nc3 g6 7. Be3 Bg7 8. Rc1 Nf6 9. h3 b6 10. Nf3 Bb7 11. Qd2 Rc8 12. b3 Nd7 13. Bh6 Bf6 14. Nd5 Nce5 15. Nxf6+ exf6 16. Nxe5 Nxe5 17. Bb1 Rg8 18. Be3 f5 19. Rd1 Bxe4 20. Bxe4 fxe4 21. Qd5 Nd3+ 22. Kf1 Qe7 23. f3 Nb4 24. Qxe4 Qxe4 25. fxe4 Ke7 26. Bf4 Rgd8 27. Kf2 Rd7 28. Rd2 h5 29. Rhd1 Rcd8 30. Kg3 Na6 31. Rf2 f6 32. h4 Nc5 33. Kf3 Ke6 34. Bc1 Rb8 35. Bb2 Rf7 36. Ke3 Rd8 37. Rdf1 Nd7 38. Rd2 Nc5 39. Rd5 Nb7 40. Rf3 Na5 41. Rg3 Rg8 42. Rxh5 Nc6 43. Rd5 Ne7 44. Rd2 f5 45. Rf3 g5 46. hxg5 Rxg5 47. Ba3 Nc8 48. exf5+ Rfxf5 49. Rxf5 Rxf5 50. g4 Re5+ 51. Kf4 b5 52. Bb2 Re1 53. cxb5 Ne7 54. Bd4 Rf1+ 55. Kg5 Re1 56. Bxa7 Re5+ 57. Kh4 Ng6+ 58. Kg3 Rxb5 59. Bd4 Rb4 60. Kf3 Rb7 61. Bc3 Rf7+ 62. Kg3 Rf1 63. Bd4 Re1 64. a4 Rb1 65. Rb2 Rd1 66. Bb6 Rd3+ 67. Kf2 Ne5 68. a5 Rh3 69. Kg2 Rc3 70. Bd4 Rc6 71. Bxe5 dxe5 72. b4 Kd5 73. b5 Rc4 74. Kg3 Rc3+ 75. Kh4 e4 76. b6 1-0